[Event "Meister gegen Talente NSV-II"]
[Site "Emanuel Lasker Arena"]
[Date "2020.11.07"]
[Round "1.1"]
[White "PeterLaFleur"]
[Black "Johvon"]
[Result "1-0"]
[WhiteElo "1654"]
[BlackElo "1463"]
[Annotator "NA RC"]
[PlyCount "67"]
[EventDate "2020.11.07"]
[EventType "match (rapid)"]

1. Nf3 {[%emt 0:00:03]} Nf6 {[%emt 0:00:02]} 2. c4 {[%emt 0:00:03]} e6 {[%emt 0:00:03]} 3. Nc3 {[%emt 0:00:01]} Bb4 {[%emt 0:00:05]} 4. Qc2 {[%emt 0:00:04]} O-O {[%emt 0:00:18]} 5. a3 {[%emt 0:00:11]} Be7 {[%emt 0:00:10]} 6. e3 {[%emt 0:00:11]} b6 {[%emt 0:00:06]} 7. b3 {[%emt 0:00:06]} Bb7 {[%emt 0:00:01]} 8. Bb2 {[%emt 0:00:02]} d5 {[%emt 0:00:19]} 9. cxd5 {[%emt 0:00:05]} exd5 {[%emt 0:00:01]} 10. d4 {[%emt 0:00:08]} c5 {[%emt 0:00:02]} 11. Bd3 {[%emt 0:00:01]} Nc6 {[%emt 0:00:18]} 12. O-O {[%emt 0:00:12]} cxd4 {[%emt 0:00:40]} 13. exd4 {[%emt 0:00:04]} Rc8 {[%emt 0:00:42]} 14. Bf5 {[%emt 0:00:08]} Rb8 {[%emt 0:00:36]} 15. Rfe1 {[%emt 0:00:06]} g6 {[%emt 0:00:05]} 16. Bh3 {[%emt 0:00:16]} Bc8 {[%emt 0:00:27]} 17. Bxc8 {[%emt 0:00:13]} Rxc8 {[%emt 0:00:00]} 18. Qd3 {[%emt 0:00:12]} Qd7 {[%emt 0:00:32]} 19. Ne5 {[%emt 0:00:09]} Qb7 {[%emt 0:00:06]} 20. Rad1 {[%emt 0:00:07]} Bd6 {[%emt 0:00:07]} 21. Qf3 {[%emt 0:00:27]} Kg7 {[%emt 0:00:09]} 22. Nxd5 {[%emt 0:00:51]} Nxd5 {[%emt 0:00:22]} 23. Qxd5 {[%emt 0:00:04]} Rfd8 {[%emt 0:00:09]} 24. Qf3 {[%emt 0:00:55]} Bxe5 {[%emt 0:03:50]} 25. dxe5 {[%emt 0:00:03]} Qe7 {[%emt 0:01:03]} 26. Rd6 {[%emt 0:01:51]} Nb8 {[%emt 0:03:04]} 27. Rf6 {[%emt 0:00:36]} Kg8 {[%emt 0:00:38]} 28. e6 {[%emt 0:00:12]} fxe6 {[%emt 0:00:11]} 29. Rfxe6 {[%emt 0:00:14]} Qf8 {[%emt 0:00:32]} 30. Qe4 {[%emt 0:00:15]} Qf7 {[%emt 0:00:23]} 31. Re7 {[%emt 0:00:17]} Qxb3 {[%emt 0:01:06]} 32. Rg7+ {[%emt 0:00:02]} Kh8 {[%emt 0:00:02]} 33. Rxh7+ {[%emt 0:00:01]} Kxh7 {[%emt 0:00:02]} 34. Qh4+ {[%emt 0:00:01] Johvon gibt auf} 1-0

[Event "Meister gegen Talente NSV-II"]
[Site "Emanuel Lasker Arena"]
[Date "2020.11.07"]
[Round "1.1"]
[White "Tschigorinfan97"]
[Black "HannesFM"]
[Result "1-0"]
[WhiteElo "1629"]
[BlackElo "1686"]
[Annotator "NA RC"]
[PlyCount "81"]
[EventDate "2020.11.07"]
[EventType "match (rapid)"]

1. c4 {[%emt 0:00:06]} Nf6 {[%emt 0:00:03]} 2. d4 {[%emt 0:00:02]} e6 {[%emt 0:00:31]} 3. Nf3 {[%emt 0:00:16]} b6 {[%emt 0:00:03]} 4. Nc3 {[%emt 0:00:02]} Bb7 {[%emt 0:00:02]} 5. Bg5 {[%emt 0:00:01]} Be7 {[%emt 0:00:14]} 6. e3 {[%emt 0:00:02]} O-O {[%emt 0:00:14]} 7. Bd3 {[%emt 0:00:02]} c5 {[%emt 0:00:02]} 8. O-O {[%emt 0:00:05]} d6 {[%emt 0:00:25]} 9. Rc1 {[%emt 0:00:31]} Nbd7 {[%emt 0:00:04]} 10. Nd2 {[%emt 0:00:06]} Rc8 {[%emt 0:00:15]} 11. f4 {[%emt 0:00:18]} d5 {[%emt 0:00:24]} 12. Nf3 {[%emt 0:00:51]} cxd4 {[%emt 0:00:17]} 13. exd4 {[%emt 0:00:33]} dxc4 {[%emt 0:00:11]} 14. Bb1 {[%emt 0:00:10]} Nd5 {[%emt 0:00:14]} 15. Qc2 {[%emt 0:02:02]} g6 {[%emt 0:00:44]} 16. Qf2 {[%emt 0:00:15]} f6 {[%emt 0:00:44]} 17. Bh6 {[%emt 0:00:46]} Re8 {[%emt 0:00:07]} 18. Qg3 {[%emt 0:00:42]} Kf7 {[%emt 0:00:54]} 19. Ne4 {[%emt 0:02:46]} Bf8 {[%emt 0:01:21]} 20. Bxf8 {[%emt 0:01:13]} Nxf8 {[%emt 0:00:24]} 21. f5 {[%emt 0:00:05]} Rc6 {[%emt 0:01:21]} 22. Ne5+ {[%emt 0:00:45]} Kg7 {[%emt 0:00:31]} 23. fxg6 {[%emt 0:01:10]} hxg6 {[%emt 0:00:15]} 24. Nxc6 {[%emt 0:01:45]} Bxc6 {[%emt 0:00:08]} 25. Nd6 {[%emt 0:00:30]} Re7 {[%emt 0:00:04]} 26. Rxc4 {[%emt 0:00:23]} Qd7 {[%emt 0:00:19]} 27. Rfc1 {[%emt 0:00:12]} Bb7 {[%emt 0:00:18]} 28. Nxb7 {[%emt 0:00:57]} Qxb7 {[%emt 0:00:03]} 29. Be4 {[%emt 0:00:06]} Qd7 {[%emt 0:00:37]} 30. Bxd5 {[%emt 0:00:19]} Qxd5 {[%emt 0:00:03]} 31. Qf3 {[%emt 0:00:10]} Qg5 {[%emt 0:00:10]} 32. Rc7 {[%emt 0:00:07]} Nd7 {[%emt 0:00:14]} 33. Qc6 {[%emt 0:00:06]} Qe3+ {[%emt 0:00:03]} 34. Kh1 {[%emt 0:00:07]} Qxd4 {[%emt 0:00:02]} 35. Rxa7 {[%emt 0:00:13]} Kf7 {[%emt 0:00:29]} 36. Rc7 {[%emt 0:00:03]} g5 {[%emt 0:00:11]} 37. Qc2 {[%emt 0:00:06]} f5 {[%emt 0:00:04]} 38. Rd1 {[%emt 0:00:02]} Qf4 {[%emt 0:00:11]} 39. Rcxd7 {[%emt 0:00:04]} Rxd7 {[%emt 0:00:01]} 40. Rxd7+ {[%emt 0:00:01]} Kg6 {[%emt 0:00:01]} 41. Rd1 {[%emt 0:00:05] HannesFM gibt auf (Lag: Av=1.03s, max=4.5s)} 1-0

[Event "Meister gegen Talente NSV-II"]
[Site "Emanuel Lasker Arena"]
[Date "2020.11.07"]
[Round "1.1"]
[White "HannesFM"]
[Black "Christiqn"]
[Result "1-0"]
[WhiteElo "1620"]
[BlackElo "1620"]
[Annotator "NA RC"]
[PlyCount "105"]
[EventDate "2020.11.07"]
[EventType "match (rapid)"]

1. Nc3 {[%emt 0:00:13]} d5 {[%emt 0:00:03]} 2. e4 {[%emt 0:00:00]} dxe4 {[%emt 0:00:07]} 3. Nxe4 {[%emt 0:00:04]} Nd7 {[%emt 0:00:31]} 4. Nf3 {[%emt 0:00:03]} Ngf6 {[%emt 0:00:01]} 5. Ng3 {[%emt 0:00:14]} e6 {[%emt 0:00:13]} 6. d4 {[%emt 0:00:07]} c5 {[%emt 0:00:07]} 7. Be2 {[%emt 0:00:10]} Be7 {[%emt 0:00:08]} 8. O-O {[%emt 0:00:08]} O-O {[%emt 0:00:04]} 9. c4 {[%emt 0:00:08]} cxd4 {[%emt 0:00:55]} 10. Nxd4 {[%emt 0:00:14]} a6 {[%emt 0:00:18]} 11. Be3 {[%emt 0:00:14]} Qc7 {[%emt 0:00:06]} 12. Rc1 {[%emt 0:00:05]} Ne5 {[%emt 0:00:13]} 13. Qb3 {[%emt 0:01:57]} Bd7 {[%emt 0:00:26]} 14. Rfd1 {[%emt 0:00:48]} Nc6 {[%emt 0:00:03]} 15. Bf3 {[%emt 0:00:07]} Rac8 {[%emt 0:01:11]} 16. Nge2 {[%emt 0:01:25]} Nxd4 {[%emt 0:00:11]} 17. Nxd4 {[%emt 0:01:05]} e5 {[%emt 0:00:09]} 18. Nc2 {[%emt 0:00:03]} e4 {[%emt 0:00:02]} 19. Be2 {[%emt 0:00:05]} Bg4 {[%emt 0:01:39]} 20. Nd4 {[%emt 0:00:35]} Bc5 {[%emt 0:00:21]} 21. h3 {[%emt 0:00:47]} Bd7 {[%emt 0:00:49]} 22. Nc2 {[%emt 0:00:52]} Bxe3 {[%emt 0:00:42]} 23. Qxe3 {[%emt 0:00:09]} Qe5 {[%emt 0:00:11]} 24. Nd4 {[%emt 0:00:27]} Rfe8 {[%emt 0:00:05]} 25. b4 {[%emt 0:00:07]} Nh5 {[%emt 0:00:42]} 26. Bxh5 {[%emt 0:00:21]} Qxh5 {[%emt 0:00:00]} 27. Ne2 {[%emt 0:00:04]} Be6 {[%emt 0:00:47]} 28. Rd4 {[%emt 0:00:19]} f5 {[%emt 0:00:20]} 29. a4 {[%emt 0:01:01]} g5 {[%emt 0:01:00]} 30. Qd2 {[%emt 0:01:33]} Qf7 {[%emt 0:01:59]} 31. c5 {[%emt 0:00:08]} Qg6 {[%emt 0:00:45]} 32. Rd6 {[%emt 0:00:24]} f4 {[%emt 0:00:29]} 33. Nd4 {[%emt 0:00:23]} Qf7 {[%emt 0:00:19]} 34. c6 {[%emt 0:01:42]} bxc6 {[%emt 0:00:26]} 35. Rcxc6 {[%emt 0:00:00]} Rxc6 {[%emt 0:00:01]} 36. Nxc6 {[%emt 0:00:18]} Bf5 {[%emt 0:00:20]} 37. Rd8 {[%emt 0:00:25]} h6 {[%emt 0:00:38]} 38. Rxe8+ {[%emt 0:00:32]} Qxe8 {[%emt 0:00:00]} 39. Qd5+ {[%emt 0:00:01]} Qe6 {[%emt 0:00:50]} 40. Qxe6+ {[%emt 0:00:06]} Bxe6 {[%emt 0:00:00]} 41. b5 {[%emt 0:00:01]} axb5 {[%emt 0:00:11]} 42. axb5 {[%emt 0:00:00]} Kf8 {[%emt 0:00:03]} 43. b6 {[%emt 0:00:08]} Bc8 {[%emt 0:00:01]} 44. Na5 {[%emt 0:00:04]} e3 {[%emt 0:00:21]} 45. fxe3 {[%emt 0:00:02]} fxe3 {[%emt 0:00:00]} 46. b7 {[%emt 0:00:02]} Bxb7 {[%emt 0:00:01]} 47. Nxb7 {[%emt 0:00:00]} h5 {[%emt 0:00:02]} 48. Kf1 {[%emt 0:00:01]} g4 {[%emt 0:00:01]} 49. h4 {[%emt 0:00:04]} Kf7 {[%emt 0:00:03]} 50. Ke2 {[%emt 0:00:02]} Kf6 {[%emt 0:00:00]} 51. Kxe3 {[%emt 0:00:01]} Kf5 {[%emt 0:00:00]} 52. g3 {[%emt 0:00:01]} Ke5 {[%emt 0:00:01]} 53. Nc5 {[%emt 0:00:01] Christiqn gibt auf (Lag: Av=0.68s, max=1.3s)} 1-0

[Event "Meister gegen Talente NSV-II"]
[Site "Emanuel Lasker Arena"]
[Date "2020.11.07"]
[Round "1.1"]
[White "HannesFM"]
[Black "JR43"]
[Result "1-0"]
[WhiteElo "1620"]
[BlackElo "1620"]
[Annotator "NA RC"]
[PlyCount "129"]
[EventDate "2020.11.07"]
[EventType "match (rapid)"]
[BlackTeam "SV Werder Bremen I"]

{- Reuker, Jari (2394)} 1. Nc3 {[%emt 0:00:07]} d5 {[%emt 0:00:10]} 2. e4 {[%emt 0:00:00]} dxe4 {[%emt 0:00:02]} 3. Nxe4 {[%emt 0:00:03]} Nd7 {[%emt 0:00:01]} 4. Nf3 {[%emt 0:00:05]} Ngf6 {[%emt 0:00:08]} 5. d3 {[%emt 0:00:15]} e6 {[%emt 0:00:26]} 6. g3 {[%emt 0:00:13]} b6 {[%emt 0:01:28]} 7. Bg2 {[%emt 0:00:19]} Bb7 {[%emt 0:00:58]} 8. Qe2 {[%emt 0:00:09]} Be7 {[%emt 0:00:23]} 9. Nxf6+ {[%emt 0:01:16]} Nxf6 {[%emt 0:00:12]} 10. O-O {[%emt 0:00:06]} O-O {[%emt 0:00:03]} 11. b3 {[%emt 0:00:18]} c5 {[%emt 0:01:42]} 12. Bb2 {[%emt 0:00:47]} Qc7 {[%emt 0:00:13]} 13. Rad1 {[%emt 0:00:33]} Rac8 {[%emt 0:00:11]} 14. Be5 {[%emt 0:01:34]} Qd7 {[%emt 0:01:31]} 15. c4 {[%emt 0:02:28]} Bc6 {[%emt 0:02:12]} 16. d4 {[%emt 0:00:20]} Qb7 {[%emt 0:00:40]} 17. dxc5 {[%emt 0:02:37]} bxc5 {[%emt 0:00:07]} 18. Rd3 {[%emt 0:00:04]} a5 {[%emt 0:01:24]} 19. Rfd1 {[%emt 0:00:35]} a4 {[%emt 0:00:02]} 20. Ne1 {[%emt 0:00:29]} axb3 {[%emt 0:00:57]} 21. axb3 {[%emt 0:00:08]} Bxg2 {[%emt 0:00:54]} 22. Nxg2 {[%emt 0:00:00]} Ra8 {[%emt 0:00:02]} 23. Nf4 {[%emt 0:02:06]} Ra3 {[%emt 0:00:56]} 24. Qf3 {[%emt 0:00:14]} Qxf3 {[%emt 0:00:13]} 25. Rxf3 {[%emt 0:00:00]} h6 {[%emt 0:00:39]} 26. Kg2 {[%emt 0:00:30]} Rfa8 {[%emt 0:00:06]} 27. h3 {[%emt 0:01:08]} Ra2 {[%emt 0:00:10]} 28. Re3 {[%emt 0:00:21]} R8a3 {[%emt 0:00:28]} 29. Bd6 {[%emt 0:00:30]} Bxd6 {[%emt 0:00:16]} 30. Rxd6 {[%emt 0:00:00]} Rb2 {[%emt 0:00:27]} 31. Rc6 {[%emt 0:00:20]} g5 {[%emt 0:00:32]} 32. Ne2 {[%emt 0:00:06]} Raa2 {[%emt 0:00:01]} 33. Kf3 {[%emt 0:00:01]} Ra5 {[%emt 0:00:04]} 34. g4 {[%emt 0:00:02]} Kg7 {[%emt 0:00:01]} 35. Rd3 {[%emt 0:00:03]} Raa2 {[%emt 0:00:02]} 36. Re3 {[%emt 0:00:01] HannesFM bietet Remis} Ra5 {[%emt 0:00:13]} 37. Rc7 {[%emt 0:00:01]} Kg6 {[%emt 0:00:03]} 38. Rc8 {[%emt 0:00:04]} Nd7 {[%emt 0:00:03]} 39. Rc7 {[%emt 0:00:04]} Nb8 {[%emt 0:00:09]} 40. Rc8 {[%emt 0:00:03]} Na6 {[%emt 0:00:02]} 41. Ra8 {[%emt 0:00:04]} Raa2 {[%emt 0:00:03]} 42. Rc8 {[%emt 0:00:12]} Ra3 {[%emt 0:00:07]} 43. Ng3 {[%emt 0:00:05]} Rbxb3 {[%emt 0:00:06]} 44. Nh5 {[%emt 0:00:03]} Rxe3+ {[%emt 0:00:01]} 45. fxe3 {[%emt 0:00:00]} f5 {[%emt 0:00:12]} 46. Rc6 {[%emt 0:00:16]} fxg4+ {[%emt 0:00:06]} 47. hxg4 {[%emt 0:00:02]} Kf7 {[%emt 0:00:02]} 48. Ke4 {[%emt 0:00:02]} Nb4 {[%emt 0:00:08]} 49. Rxc5 {[%emt 0:00:05]} Nc2 {[%emt 0:00:01]} 50. Rc7+ {[%emt 0:00:02]} Kf8 {[%emt 0:00:00]} 51. Ke5 {[%emt 0:00:07]} Nxe3 {[%emt 0:00:08]} 52. Kxe6 {[%emt 0:00:18]} Ra6+ {[%emt 0:00:02]} 53. Ke5 {[%emt 0:00:01]} Nxg4+ {[%emt 0:00:01]} 54. Kd5 {[%emt 0:00:01]} Ne3+ {[%emt 0:00:05]} 55. Ke5 {[%emt 0:00:04]} Ng4+ {[%emt 0:00:09]} 56. Kd5 {[%emt 0:00:08]} Nf6+ {[%emt 0:00:11]} 57. Nxf6 {[%emt 0:00:01]} Rxf6 {[%emt 0:00:00]} 58. c5 {[%emt 0:00:01]} g4 {[%emt 0:00:01]} 59. c6 {[%emt 0:00:09]} g3 {[%emt 0:00:01]} 60. Ra7 {[%emt 0:00:01]} Rf2 {[%emt 0:00:24]} (60... g2) 61. c7 {[%emt 0:00:19]} Rd2+ {[%emt 0:00:04]} 62. Ke4 {[%emt 0:00:03]} Rc2 {[%emt 0:00:03]} 63. Ra8+ {[%emt 0:00:01]} Kg7 {[%emt 0:00:01]} 64. c8=Q {[%emt 0:00:02]} Rxc8 {[%emt 0:00:01]} 65. Rxc8 {[%emt 0:00:00] JR43 gibt auf (Lag: Av=0.70s, max=3.2s)} 1-0

[Event "Meister gegen Talente NSV-II"]
[Site "Emanuel Lasker Arena"]
[Date "2020.11.07"]
[Round "1.1"]
[White "Jan2020"]
[Black "PeterLaFleur"]
[Result "1/2-1/2"]
[WhiteElo "1620"]
[BlackElo "1620"]
[Annotator "NA RC"]
[PlyCount "141"]
[EventDate "2020.11.07"]
[EventType "match (rapid)"]

1. Nf3 {[%emt 0:00:05]} Nf6 {[%emt 0:00:03]} 2. c4 {[%emt 0:00:05]} c5 {[%emt 0:00:03]} 3. Nc3 {[%emt 0:00:06]} Nc6 {[%emt 0:00:04]} 4. e3 {[%emt 0:00:27]} g6 {[%emt 0:00:04]} 5. d4 {[%emt 0:00:05]} cxd4 {[%emt 0:00:02]} 6. exd4 {[%emt 0:00:18]} d5 {[%emt 0:00:01]} 7. cxd5 {[%emt 0:00:44]} Nxd5 {[%emt 0:00:00]} 8. Qb3 {[%emt 0:00:09]} Nxc3 {[%emt 0:00:04]} 9. Bc4 {[%emt 0:00:10]} e6 {[%emt 0:00:03]} 10. bxc3 {[%emt 0:00:05]} Bg7 {[%emt 0:00:12]} 11. Ba3 {[%emt 0:00:28]} Bf8 {[%emt 0:00:03]} 12. Bc1 {[%emt 0:00:13]} Bg7 {[%emt 0:00:10]} 13. Ba3 {[%emt 0:00:52]} Bf8 {[%emt 0:00:06]} 14. Bxf8 {[%emt 0:01:42]} Kxf8 {[%emt 0:00:04]} 15. O-O {[%emt 0:00:02]} Kg7 {[%emt 0:00:04]} 16. Qc2 {[%emt 0:01:12]} Qc7 {[%emt 0:00:12]} 17. Rfe1 {[%emt 0:00:23]} b6 {[%emt 0:00:35]} 18. Bd3 {[%emt 0:00:52]} Bb7 {[%emt 0:00:11]} 19. Be4 {[%emt 0:00:45]} Rhd8 {[%emt 0:00:21]} 20. Rad1 {[%emt 0:00:47]} Rac8 {[%emt 0:00:11]} 21. Qb2 {[%emt 0:01:48]} Na5 {[%emt 0:00:27]} 22. Bxb7 {[%emt 0:00:24]} Qxb7 {[%emt 0:00:08]} 23. Ne5 {[%emt 0:00:45]} Nc4 {[%emt 0:00:36]} 24. Nxc4 {[%emt 0:01:17]} Rxc4 {[%emt 0:00:03]} 25. Re3 {[%emt 0:01:05]} Qc7 {[%emt 0:00:48]} 26. g3 {[%emt 0:00:43]} a6 {[%emt 0:00:18]} 27. Rdd3 {[%emt 0:00:20]} b5 {[%emt 0:00:04]} 28. h4 {[%emt 0:00:12]} Qc6 {[%emt 0:00:21]} 29. Qe2 {[%emt 0:00:44]} Rd5 {[%emt 0:00:14]} 30. Qf3 {[%emt 0:00:12]} Qd6 {[%emt 0:00:18]} 31. Kg2 {[%emt 0:00:09]} a5 {[%emt 0:00:30]} 32. Re2 {[%emt 0:00:09]} b4 {[%emt 0:00:20]} 33. cxb4 {[%emt 0:00:05]} axb4 {[%emt 0:00:08]} 34. Re4 {[%emt 0:00:15]} Rcxd4 {[%emt 0:00:16]} 35. Rexd4 {[%emt 0:00:09]} Rxd4 {[%emt 0:00:00]} 36. Rxd4 {[%emt 0:00:09]} Qxd4 {[%emt 0:00:00]} 37. Kh2 {[%emt 0:00:03]} Qb2 {[%emt 0:00:32]} 38. Qf4 {[%emt 0:00:01]} h6 {[%emt 0:01:00]} 39. Kg1 {[%emt 0:00:09]} Qb1+ {[%emt 0:00:41]} 40. Kg2 {[%emt 0:00:06]} Qb2 {[%emt 0:00:12]} 41. Qc4 {[%emt 0:00:05]} Qc3 {[%emt 0:00:16]} 42. Qf4 {[%emt 0:00:06]} Qc6+ {[%emt 0:00:29]} 43. Kg1 {[%emt 0:00:02]} Qc5 {[%emt 0:00:02]} 44. Kg2 {[%emt 0:00:07]} e5 {[%emt 0:00:49]} 45. Qe4 {[%emt 0:00:02]} Qc3 {[%emt 0:00:07]} 46. Qd5 {[%emt 0:00:08]} h5 {[%emt 0:00:19]} 47. Kg1 {[%emt 0:00:03]} Qd4 {[%emt 0:00:05]} 48. Qb3 {[%emt 0:00:03]} Kf6 {[%emt 0:00:09]} 49. Kg2 {[%emt 0:00:02]} Ke7 {[%emt 0:00:02]} 50. Qa4 {[%emt 0:00:03]} Qc5 {[%emt 0:00:16]} 51. Kg1 {[%emt 0:00:04]} Kf6 {[%emt 0:00:15]} 52. Qa6+ {[%emt 0:00:02]} Kg7 {[%emt 0:00:02]} 53. Qa4 {[%emt 0:00:04]} e4 {[%emt 0:00:11]} 54. Qb3 {[%emt 0:00:07]} Qc1+ {[%emt 0:00:23]} 55. Kg2 {[%emt 0:00:07]} Qc3 {[%emt 0:00:01]} 56. Qd5 {[%emt 0:00:10]} Qf3+ {[%emt 0:00:22]} 57. Kg1 {[%emt 0:00:02]} Kg8 {[%emt 0:01:30]} 58. Qd8+ {[%emt 0:00:05]} Kh7 {[%emt 0:00:07]} 59. Qe7 {[%emt 0:00:02]} e3 {[%emt 0:01:03]} 60. Qxe3 {[%emt 0:00:07]} Qxe3 {[%emt 0:00:03]} 61. fxe3 {[%emt 0:00:00]} Kg7 {[%emt 0:00:00]} 62. Kf2 {[%emt 0:00:08]} Kf6 {[%emt 0:00:01]} 63. e4 {[%emt 0:00:15]} Ke5 {[%emt 0:00:09]} 64. Ke3 {[%emt 0:00:01]} f6 {[%emt 0:00:18]} 65. Kd3 {[%emt 0:00:02]} g5 {[%emt 0:00:34]} 66. Ke3 {[%emt 0:00:15]} gxh4 {[%emt 0:00:11]} 67. gxh4 {[%emt 0:00:00]} f5 {[%emt 0:00:14]} 68. exf5 {[%emt 0:00:02]} Kxf5 {[%emt 0:00:00]} 69. Kf3 {[%emt 0:00:13]} Ke5 {[%emt 0:00:02]} 70. Ke3 {[%emt 0:00:01]} Kf5 {[%emt 0:00:10]} 71. Kf3 {[%emt 0:00:01] Jan2020 bietet Remis (Lag: Av=0.32s, max=0.8s)} 1/2-1/2

[Event "Meister gegen Talente NSV-II"]
[Site "Emanuel Lasker Arena"]
[Date "2020.11.07"]
[Round "1.1"]
[White "Jan2020"]
[Black "Tschigorinfan97"]
[Result "0-1"]
[WhiteElo "1620"]
[BlackElo "1620"]
[Annotator "NA RC"]
[PlyCount "138"]
[EventDate "2020.11.07"]
[EventType "match (rapid)"]

1. Nf3 {[%emt 0:00:06]} c5 {[%emt 0:00:06]} 2. c4 {[%emt 0:00:02]} g6 {[%emt 0:00:03]} 3. e4 {[%emt 0:00:03]} Bg7 {[%emt 0:00:03]} 4. d4 {[%emt 0:00:03]} cxd4 {[%emt 0:00:01]} 5. Nxd4 {[%emt 0:00:01]} Nc6 {[%emt 0:00:01]} 6. Be3 {[%emt 0:00:03]} Nf6 {[%emt 0:00:01]} 7. Nc3 {[%emt 0:00:03]} O-O {[%emt 0:00:02]} 8. Be2 {[%emt 0:00:15]} d6 {[%emt 0:00:03]} 9. f3 {[%emt 0:00:07]} Nxd4 {[%emt 0:00:04]} 10. Bxd4 {[%emt 0:00:08]} a5 {[%emt 0:00:01]} 11. Qd2 {[%emt 0:00:18]} Bd7 {[%emt 0:00:05]} 12. O-O-O {[%emt 0:01:17]} a4 {[%emt 0:00:55]} 13. Kb1 {[%emt 0:00:32]} Be6 {[%emt 0:01:35]} 14. g4 {[%emt 0:00:50]} Qa5 {[%emt 0:00:27]} 15. h4 {[%emt 0:01:52]} Rfc8 {[%emt 0:00:48]} 16. Nd5 {[%emt 0:01:32]} Bxd5 {[%emt 0:01:30]} 17. cxd5 {[%emt 0:02:03]} Qxd2 {[%emt 0:01:13]} 18. Rxd2 {[%emt 0:00:00]} Nd7 {[%emt 0:00:02]} 19. Bxg7 {[%emt 0:02:23]} Kxg7 {[%emt 0:00:00]} 20. Rc2 {[%emt 0:00:15]} Rxc2 {[%emt 0:00:45]} 21. Kxc2 {[%emt 0:00:00]} Nc5 {[%emt 0:00:01]} 22. Kd2 {[%emt 0:00:22]} h6 {[%emt 0:01:07]} 23. g5 {[%emt 0:00:53]} Rh8 {[%emt 0:01:17]} 24. Rg1 {[%emt 0:00:11]} hxg5 {[%emt 0:00:16]} 25. hxg5 {[%emt 0:00:00]} Rh2 {[%emt 0:00:39]} 26. Ke3 {[%emt 0:00:10]} f6 {[%emt 0:00:51]} 27. gxf6+ {[%emt 0:00:35]} Kxf6 {[%emt 0:00:10]} 28. Rb1 {[%emt 0:00:27]} g5 {[%emt 0:00:21]} 29. b4 {[%emt 0:00:48]} axb3 {[%emt 0:00:13]} 30. axb3 {[%emt 0:00:00]} g4 {[%emt 0:00:57]} 31. b4 {[%emt 0:01:15]} gxf3 {[%emt 0:02:41]} 32. Bxf3 {[%emt 0:00:55]} Na4 {[%emt 0:00:30]} 33. Ra1 {[%emt 0:00:09]} Nb2 {[%emt 0:00:36]} 34. Ra7 {[%emt 0:00:06]} b5 {[%emt 0:00:22]} 35. Rb7 {[%emt 0:00:04]} Nc4+ {[%emt 0:00:03]} 36. Kd4 {[%emt 0:00:04]} Rd2+ {[%emt 0:00:05]} 37. Kc3 {[%emt 0:00:03]} Rf2 {[%emt 0:00:01]} 38. Bg4 {[%emt 0:00:06]} Rg2 {[%emt 0:00:13]} 39. Bd7 {[%emt 0:00:05]} Rg3+ {[%emt 0:00:04]} 40. Kc2 {[%emt 0:00:05]} Na3+ {[%emt 0:00:04]} 41. Kb2 {[%emt 0:00:04]} Ke5 {[%emt 0:00:07]} 42. Bf5 {[%emt 0:00:08]} Nc4+ {[%emt 0:00:03]} 43. Kc1 {[%emt 0:00:04]} Rc3+ {[%emt 0:00:04]} 44. Kd1 {[%emt 0:00:06]} Rd3+ {[%emt 0:00:08]} 45. Ke2 {[%emt 0:00:03]} Kd4 {[%emt 0:00:04]} 46. Rxb5 {[%emt 0:00:04]} Rb3 {[%emt 0:00:07]} 47. Rb7 {[%emt 0:00:03]} Ne5 {[%emt 0:00:04]} 48. Rxe7 {[%emt 0:00:09]} Rb2+ {[%emt 0:00:02]} 49. Kf1 {[%emt 0:00:04]} Rxb4 {[%emt 0:00:04]} 50. Kg2 {[%emt 0:00:05]} Rb3 {[%emt 0:00:05]} 51. Re6 {[%emt 0:00:03]} Kc5 {[%emt 0:00:07]} 52. Rf6 {[%emt 0:00:08]} Nc4 {[%emt 0:00:05]} 53. Kh2 {[%emt 0:00:06]} Nd2 {[%emt 0:00:04]} 54. Bg6 {[%emt 0:00:06]} Nf3+ {[%emt 0:00:04]} 55. Kg3 {[%emt 0:00:06]} Ne5+ {[%emt 0:00:07]} 56. Kh4 {[%emt 0:00:03]} Re3 {[%emt 0:00:07]} 57. Bf5 {[%emt 0:00:03]} Re1 {[%emt 0:00:04]} 58. Kg5 {[%emt 0:00:10]} Rg1+ {[%emt 0:00:01]} 59. Kh6 {[%emt 0:00:03]} Kd4 {[%emt 0:00:03]} 60. Rxd6 {[%emt 0:00:04]} Nf7+ {[%emt 0:00:01]} 61. Kh7 {[%emt 0:00:06]} Nxd6 {[%emt 0:00:01]} 62. Bg6 {[%emt 0:00:06]} Nxe4 {[%emt 0:00:02]} 63. Bxe4 {[%emt 0:00:04]} Kxe4 {[%emt 0:00:00]} 64. d6 {[%emt 0:00:00]} Rd1 {[%emt 0:00:01]} 65. Kh8 {[%emt 0:00:00]} Rxd6 {[%emt 0:00:01]} 66. Kg7 {[%emt 0:00:01]} Kf5 {[%emt 0:00:01]} 67. Kf8 {[%emt 0:00:00]} Kf6 {[%emt 0:00:03]} 68. Ke8 {[%emt 0:00:00]} Rd5 {[%emt 0:00:01]} 69. Kf8 {[%emt 0:00:03]} Rd8# {[%emt 0:00:00] (Lag: Av=1.06s, max=2.1s)} 0-1

[Event "Meister gegen Talente NSV-II"]
[Site "Emanuel Lasker Arena"]
[Date "2020.11.07"]
[Round "1.1"]
[White "Jemy64"]
[Black "Beyond_uoschi"]
[Result "0-1"]
[WhiteElo "1620"]
[BlackElo "1620"]
[Annotator "NA RC"]
[PlyCount "80"]
[EventDate "2020.11.07"]
[EventType "match (rapid)"]

1. d4 {[%emt 0:00:06]} d5 {[%emt 0:00:03]} 2. Bf4 {[%emt 0:00:04]} Nf6 {[%emt 0:00:01]} 3. e3 {[%emt 0:00:02]} c5 {[%emt 0:00:01]} 4. c3 {[%emt 0:00:05]} Nc6 {[%emt 0:00:02]} 5. Nd2 {[%emt 0:00:04]} cxd4 {[%emt 0:00:02]} 6. exd4 {[%emt 0:00:03]} Bf5 {[%emt 0:00:01]} 7. Qb3 {[%emt 0:00:10]} Qc8 {[%emt 0:00:01]} 8. Ngf3 {[%emt 0:00:04]} e6 {[%emt 0:00:02]} 9. Nh4 {[%emt 0:00:03]} Be4 {[%emt 0:00:17]} 10. Nxe4 {[%emt 0:00:19]} Nxe4 {[%emt 0:00:00]} 11. Nf3 {[%emt 0:00:14]} Bd6 {[%emt 0:00:07] Jemy64 reconnected. Jemy64 reconnected.} 12. Bxd6 {[%emt 0:01:09]} Nxd6 {[%emt 0:00:00]} 13. Bd3 {[%emt 0:00:04]} O-O {[%emt 0:00:18]} 14. O-O {[%emt 0:00:03] Jemy64 reconnected. Jemy64 reconnected. Jemy64 reconnected.} Qc7 {[%emt 0:01:04]} 15. Rfe1 {[%emt 0:00:16]} b5 {[%emt 0:00:07]} 16. Qc2 {[%emt 0:00:17]} h6 {[%emt 0:00:13]} 17. Qe2 {[%emt 0:00:34]} Rab8 {[%emt 0:00:10] Jemy64 reconnected.} 18. Rac1 {[%emt 0:00:27]} Rfc8 {[%emt 0:00:23]} 19. Ne5 {[%emt 0:00:08]} Nxd4 {[%emt 0:00:31]} 20. Qh5 {[%emt 0:02:21]} Nc6 {[%emt 0:03:54] Jemy64 reconnected.} 21. Nxc6 {[%emt 0:00:43]} Qxc6 {[%emt 0:00:00]} 22. Re3 {[%emt 0:00:02]} Ne8 {[%emt 0:00:31] Jemy64 reconnected.} 23. Rg3 {[%emt 0:00:37]} Kf8 {[%emt 0:00:01]} 24. Re1 {[%emt 0:00:25]} b4 {[%emt 0:00:05]} 25. Rf3 {[%emt 0:00:29]} Nf6 {[%emt 0:00:11]} 26. Qe5 {[%emt 0:00:51]} bxc3 {[%emt 0:00:13]} 27. bxc3 {[%emt 0:00:10] Jemy64 reconnected.} Qc7 {[%emt 0:00:43] Jemy64 reconnected.} 28. Qe2 {[%emt 0:01:32]} Qxc3 {[%emt 0:00:06]} 29. Ba6 {[%emt 0:00:36]} Qa5 {[%emt 0:00:06]} 30. Bxc8 {[%emt 0:00:20]} Rxc8 {[%emt 0:00:00]} 31. h4 {[%emt 0:00:24]} Rc4 {[%emt 0:00:21]} 32. Rb1 {[%emt 0:00:38]} Qc7 {[%emt 0:01:13]} 33. Qb2 {[%emt 0:00:53]} Kg8 {[%emt 0:01:39]} 34. Rg3 {[%emt 0:00:44]} e5 {[%emt 0:00:40]} 35. Qb8+ {[%emt 0:00:24]} Kh7 {[%emt 0:00:03]} 36. Rb7 {[%emt 0:00:23]} Rc1+ {[%emt 0:00:26]} 37. Kh2 {[%emt 0:00:03]} Qc4 {[%emt 0:00:49]} 38. f3 {[%emt 0:01:14]} Qxh4+ {[%emt 0:00:22]} 39. Rh3 {[%emt 0:00:01]} Qf4+ {[%emt 0:00:02]} 40. Rg3 {[%emt 0:00:01]} Nh5 {[%emt 0:00:25] Jemy64 resigns} 0-1